|
|
|
|
| LEADER |
00000nam a2200000 a 4500 |
| 001 |
vtls009152956 |
| 003 |
SK-MaSNL |
| 005 |
20260301125147.0 |
| 008 |
240318s2003 xxua f 001 0 eng |
| 020 |
|
|
|a 0892367016
|q (brož.)
|
| 040 |
|
|
|a SNK
|b slo
|c SNK
|e AACR2
|
| 041 |
1 |
|
|a eng
|h fre
|
| 044 |
|
|
|a xxu
|c US
|
| 072 |
|
7 |
|a 77
|x Fotografia. Fotografické postupy
|2 konspekt
|
| 080 |
|
|
|a 77.03/.08
|2 2001
|
| 080 |
|
|
|a 7.025.3
|2 2001
|
| 080 |
|
|
|a 77:069.5
|2 2001
|
| 080 |
|
|
|a 069.44
|2 2001
|
| 080 |
|
|
|a (048.8)
|2 2001
|
| 100 |
1 |
|
|a Lavédrine, Bertrand,
|d 1958-
|4 aut
|9 108622
|
| 245 |
1 |
0 |
|a A guide to the preventive conservation of photograph collections
|c Bertrand Lavédrine ; translated from the French by Sharon Grevet
|
| 260 |
|
|
|a Los Angeles
|b The Getty Conservation Institute
|c c2003
|
| 300 |
|
|
|a xvi, 286 s.
|b ilustr., fotogr.
|c 25 cm
|
| 650 |
0 |
7 |
|a fotografia
|2 SNKPH
|9 1694
|
| 650 |
0 |
7 |
|a fotografické zbierky
|2 SNKPH
|9 102656
|
| 650 |
0 |
7 |
|a konzervátorstvo
|2 SNKPH
|9 29063
|
| 650 |
0 |
7 |
|a ochrana múzejných exponátov
|2 SNKPH
|9 69038
|
| 650 |
0 |
7 |
|a Photography
|2 SNKPHeng
|9 266313
|
| 650 |
0 |
7 |
|a Conservation
|2 SNKPHeng
|9 404529
|
| 650 |
0 |
7 |
|a Photograph collections
|2 SNKPHeng
|9 422794
|
| 655 |
|
7 |
|a štúdie
|2 SNKPH
|9 57033
|
| 655 |
|
7 |
|a Studies
|2 SNKPHeng
|9 265573
|
| 700 |
1 |
|
|a Grevet, Sharon
|4 trl
|9 474697
|
| 919 |
|
|
|a 0-89236-701-6
|
| 999 |
|
|
|c 741610
|d 743540
|
| 952 |
|
|
|a SNK
|b SNK
|y VYP
|7 0
|p 17A0509809
|o snkIC 135586
|i snk2007/22927
|8 3
|g 83.75
|3 Vrátené z príručnej knižnice
|0 0
|1 0
|4 0
|d 2007-10-24
|l 0
|r 2026-02-23 23:02:38
|w 2026-02-23
|
| 952 |
|
|
|t snkLAV 77.03/.08
|a SNKUST
|b SNKUST
|y PREZ
|7 0
|p 17A0509827
|o snkIC 135586 D1
|i snk2007/22930
|8 3
|g 83.42
|0 0
|1 0
|4 0
|d 2007-10-24
|l 0
|r 2025-04-28 00:00:00
|w 2026-02-23
|